01390nam a2200289 a 4500001001000000005001700010008004100027041000800068044000800076084002100084100004500105245011800150260002900268300003000297500021900327500011300546500010200659500001000761546002400771650005200795650005600847650003400903650004500937700003900982700002901021740005001050BRCA_325120190320204204.0110309s1819----enka---###---#000-0#eng-# aeng aenk a552b.M354c18191 aCervantes Saavedra, Miguel ded1547-161610aDon Quixote de la ManchacTranslated from the Original Spanish of Miguel de Cervantes Saavedra by Clarles Jarvis. aLondresbT. McLeanc1819 a4 v.bil. a colorc22 cm. aContenido : v.1. Primera parte. Prefacio del traductor. Vida de Cervantes extractada de la escrita por G. Mayáns. Prólogo de Cervantes. -- v.2. Texto. -- v.3. Segunda parte. Prólogo de Cervantes. -- v.4 Texto aEdición : Embellished with 24 highly Finished Engravings from Drawings Designed Expressly for this Edition aEjemplar por completo igual al anterior [551]. Piel; lomos decorados con dorados Lúdovik Osterc aQM441 aTexto en : inglés14aNovela españolayÉpoca clásica, 1500-170014aLiteratura españolayÉpoca clásica, 1500-170014aNovela españolaySiglo XVII14aDon Quijote (Personaje ficticio)eNovela1 aJarvis, Charlesd?-1739eTraductor1 aClark, J. H.eIlustrador0 aEl Ingenioso Hidalgo Don Quijote de la Mancha